| 000 | 00613njm a2200181 i 4500 | ||
|---|---|---|---|
| 001 | C2-0218318 | ||
| 003 | PPAK | ||
| 005 | 20180729152129.0 | ||
| 008 | 990727s1991 my |||| ||||| | may d | ||
| 040 |
_aPPAK _beng _cPPAK _erda |
||
| 245 | 0 | 0 | _aPerkembangan bola sepak di Negeri Kedah Darul Aman |
| 264 | 1 |
_aAlor Setar, Kedah : _bPerbadanan Perpustakaan Awam Kedah , _c1991 |
|
| 336 |
_2rdacontent _atext |
||
| 337 |
_2rdamedia _aunmediated |
||
| 338 |
_2rdacarrier _avolume |
||
| 500 | _aDirakam pada 16/03/1991 ; Mempunyai transkripsi ; Temubual bersama YB. Dato' Hj. Ahmad Basri b. Md. Akil | ||
| 942 |
_ddc _cB |
||
| 999 |
_c163168 _d163168 |
||